00292nam a2200121Ia 45000030006000000080041000060400015000471000023000622450034000852600022001195460012001410050017001530STCL150530s9999 xx 000 0 und d aSTCLcSTCL aArthur Conan Doyle aSherlock Holmes short stories bJohn Murrayc1966 aEnglish20220125170650.0